Art nouveau: an anthology of design and illustration from the studio
Enregistré dans:
| Auteur principal: | |
|---|---|
| Format: | Livre |
| Langue: | anglais |
| Publié: |
Nueva York
Dover
1969
|
| Collection: | Dover Pictorial Archive Series
|
| Sujets: | |
| Tags: |
Ajouter un tag
Pas de tags, Soyez le premier à ajouter un tag!
|
MARC
| LEADER | 00000nam a2200000 a 4500 | ||
|---|---|---|---|
| 001 | UCT0905 | ||
| 003 | CL-VaPUC | ||
| 008 | 960913e19690000US |||||||||||||||||eng|d | ||
| 082 | 0 | 4 | |a 745.44 |b GIL |2 21 |
| 100 | |a Gillon, Edmund V |e author |9 449152 | ||
| 245 | 1 | 0 | |a Art nouveau: an anthology of design and illustration from the studio |
| 300 | |a 89 p | ||
| 942 | |c BK | ||
| 945 | |d 19960913 00:00:00 |a nastorga | ||
| 260 | |a Nueva York |b Dover |c 1969 | ||
| 650 | 0 | |a Diseño artístico |9 330956 | |
| 650 | 0 | |a Dibujos |9 264123 | |
| 650 | 0 | |a Artes decorativas |9 266306 | |
| 650 | 0 | |a Creación artística |9 266215 | |
| 650 | 0 | |a Estética |9 264950 | |
| 583 | |a last modification |c 19960913 00:00:00 |k Rodrigo Vera | ||
| 490 | 0 | |a Dover Pictorial Archive Series | |
| 999 | |c 251593 |d 251591 | ||
| 952 | |0 0 |1 0 |4 0 |6 745_440000000000000_GIL_1969 |7 0 |8 A |9 270869 |a BIBARQ |b BIBARQ |d 2019-11-19 |i 3230449 |l 1 |o 745.44 GIL 1969 |p 3230449 |r 2025-01-20 |s 2024-09-05 |w 2019-11-19 |y BK |k ARQ | ||